[Event "4NCL Division 2b"]
[Site "Birmingham, ENG ENG"]
[Date "2015.11.15"]
[Round "2.31"]
[White "Balloglu, Piro"]
[Black "Richardson, Keith B"]
[Result "1/2-1/2"]
[WhiteElo "1997"]
[BlackElo "2052"]
[PlyCount "43"]
[EventDate "2015.11.15"]
[WhiteTeam "Hackney 1"]
[BlackTeam "CSC Dragons [1]"]

1. e4 g6 2. d4 Bg7 3. Nf3 d6 4. Be3 a6 5. Nc3 b5 6. Bd3 Nd7 7. a3 Bb7 8. Qd2 c5
9. Rd1 Ngf6 10. dxc5 Nxc5 11. Bxc5 dxc5 12. Nxb5 Qc8 13. Nc3 c4 14. Be2 Nxe4
15. Nxe4 Bxe4 16. c3 O-O 17. O-O Rb8 18. Rfe1 e6 19. Nd4 Bd5 20. Bg4 Qb7 21.
Re2 Bxg2 22. f3 1/2-1/2

[Event "4NCL Division 2b"]
[Site "Birmingham, ENG ENG"]
[Date "2015.11.15"]
[Round "2.32"]
[White "Weaver, Lauren"]
[Black "Booth, Richard"]
[Result "0-1"]
[WhiteElo "1521"]
[BlackElo "2020"]
[PlyCount "84"]
[EventDate "2015.11.15"]
[WhiteTeam "CSC Dragons [1]"]
[BlackTeam "Hackney 1"]

1. d4 Nf6 2. Nf3 e6 3. e3 b6 4. Bd3 Bb7 5. O-O c5 6. b3 d5 7. Bb2 Be7 8. Nbd2
O-O 9. Ne5 Nc6 10. a3 Nxe5 11. dxe5 Nd7 12. Qg4 Re8 13. Qh3 g6 14. Nf3 Bf8 15.
Rad1 Bg7 16. c4 Qc7 17. cxd5 Bxd5 18. Bb5 Red8 19. Bxd7 Rxd7 20. Rd3 Rad8 21.
Ng5 h6 22. Nf3 Bxf3 23. Rxd7 Rxd7 24. gxf3 Rd2 25. Ba1 Bxe5 26. Qxh6 Bxa1 27.
Rxa1 Qe5 28. Rf1 Qd5 29. e4 Qd4 30. Qf4 Rd1 31. Qb8+ Kg7 32. Qxa7 Rxf1+ 33.
Kxf1 Qd1+ 34. Kg2 Qxb3 35. f4 c4 36. Qc7 Qd3 37. Qxb6 Qxe4+ 38. Kf1 Qd3+ 39.
Ke1 c3 40. Qe3 Qb1+ 41. Ke2 Qb2+ 42. Kd3 c2 0-1